000 00399cam a2200145ua 4500
041 _aeng
_h
082 _a664.853
_bWIL/MI
100 _aWiley, Robert C .
245 0 0 _aMinimally processed refrigerated fruits and vegetables /
_cRobert C Wiley.
_hTextual Documents
260 _aLondon :
_bChapman and Hall Ltd ,
_c1994.
300 _a368 ; .
504 _a
942 _cBK
999 _c13165
_d13165